| 000 | 01016nam a2200289 4500 | ||
|---|---|---|---|
| 003 | OSt | ||
| 005 | 20240219102124.0 | ||
| 008 | 240219s2009 xxla|||f |||| 001 0 spa d | ||
| 020 | _a9781405362405 | ||
| 040 |
_erda _cCHAP |
||
| 082 | 0 | 0 |
_222 _a709.033 _bA78 |
| 245 | 0 | 0 |
_aArte: _bla guía visual definitiva 1700-7800 Rococó, Neoclasicismo, China: Dinastía Qing, Arte Japonés, Dinastía Hindú / _cedición de arte senior Vivienne Brar y Mandy Earey |
| 264 | 1 |
_aLondres: _bDorling Kindresley, _c2009. |
|
| 300 |
_a88 páginas: _bIlustraciones |
||
| 336 |
_2rdacontent _atexto _btxt |
||
| 337 |
_2rdamedia _asin medio _bn |
||
| 338 |
_2rdacarrier _avolumen _bnc |
||
| 504 | _aObra ilustrada | ||
| 505 | _gIncluye índice | ||
| 534 |
_pTítulo Original: _tArt: The Definitive Visual Guide |
||
| 650 | 4 |
_9188769 _aArte rococó |
|
| 650 | 4 |
_9188770 _aNeoclasicismo (Arte) |
|
| 700 | 1 |
_9188758 _aBrar, Vivienne _eeditor de arte |
|
| 700 | 1 |
_9188759 _aEarey, Mandy _eeditor de arte |
|
| 942 | _2ddc | ||
| 942 | _cLIBRO | ||
| 999 |
_c219708 _d219708 |
||